<?xml version="1.0" encoding="UTF-8"?><?xml-stylesheet type="text/xsl" href="static/style.xsl"?><OAI-PMH xmlns="http://www.openarchives.org/OAI/2.0/" xmlns:xsi="http://www.w3.org/2001/XMLSchema-instance" xsi:schemaLocation="http://www.openarchives.org/OAI/2.0/ http://www.openarchives.org/OAI/2.0/OAI-PMH.xsd"><responseDate>2026-04-13T02:54:31Z</responseDate><request verb="GetRecord" identifier="oai:www.recercat.cat:2099.1/13383" metadataPrefix="marc">https://recercat.cat/oai/request</request><GetRecord><record><header><identifier>oai:recercat.cat:2099.1/13383</identifier><datestamp>2025-07-22T22:42:59Z</datestamp><setSpec>com_2072_1033</setSpec><setSpec>col_2072_452951</setSpec></header><metadata><record xmlns="http://www.loc.gov/MARC21/slim" xmlns:dcterms="http://purl.org/dc/terms/" xmlns:xsi="http://www.w3.org/2001/XMLSchema-instance" xmlns:doc="http://www.lyncode.com/xoai" xsi:schemaLocation="http://www.loc.gov/MARC21/slim http://www.loc.gov/standards/marcxml/schema/MARC21slim.xsd">
   <leader>00925njm 22002777a 4500</leader>
   <datafield ind2=" " ind1=" " tag="042">
      <subfield code="a">dc</subfield>
   </datafield>
   <datafield ind2=" " ind1=" " tag="720">
      <subfield code="a">Soler Conde, Marc Antoni</subfield>
      <subfield code="e">author</subfield>
   </datafield>
   <datafield ind2=" " ind1=" " tag="260">
      <subfield code="c">2011-06</subfield>
   </datafield>
   <datafield ind2=" " ind1=" " tag="520">
      <subfield code="a">Los crecientes problemas respecto al suministro de combustibles fósiles ha llevado a&#xd;
políticas de ahorro energético en todos los ámbitos. Para ello, la industria del automóvil ha&#xd;
adoptado diversas líneas. Una de estas consiste en la disminución del peso de los&#xd;
vehículos. Para ello se han rediseñado componentes e introducido nuevos materiales, más&#xd;
resistentes y ligeros.&#xd;
Los aceros martensíticos al boro presentan unos valores de resistencia mecánica muy&#xd;
elevados con la densidad típica de los aceros al carbono. Por esto presentan una buena&#xd;
relación resistencia/peso . A su vez presentan el problema de la baja conformabilidad a&#xd;
temperatura ambiente. Este problema se ha resuelto implantando procesos de estampación&#xd;
en caliente.&#xd;
Esta consiste en austenizar el acero y posteriormente deformar mediante prensas que a su&#xd;
vez enfrían rápidamente la chapa, templándola a la vez que se le da forma ,para obtener&#xd;
una estructura martensítica de alta resistencia.&#xd;
Estos aceros son de reciente aplicación y en muchas ocasiones se observa que los valores&#xd;
de dureza y resistencia obtenidos en una pieza dada no eran homogéneos y en diversas&#xd;
zonas presentaban valores muy inferiores a los esperados. Una de las hipótesis planteadas&#xd;
para explicar este fenómeno es que la deformación aplicada desplaza las curvas CCT de&#xd;
manera que se aumentaba la velocidad crítica de temple (VCT) y el enfriamiento aplicado&#xd;
resulta insuficiente.&#xd;
El objetivo del presente trabajo pretende verificar o desmentir la anterior hipótesis y además&#xd;
estudiar la influencia del tamaño de grano sobre la velocidad crítica de temple para los&#xd;
aceros al boro.</subfield>
   </datafield>
   <datafield tag="653" ind2=" " ind1=" ">
      <subfield code="a">Àrees temàtiques de la UPC::Enginyeria dels materials::Metal·lúrgia</subfield>
   </datafield>
   <datafield tag="653" ind2=" " ind1=" ">
      <subfield code="a">Boron steel -- Testing</subfield>
   </datafield>
   <datafield tag="653" ind2=" " ind1=" ">
      <subfield code="a">Acer al bor -- Proves</subfield>
   </datafield>
   <datafield ind2="0" ind1="0" tag="245">
      <subfield code="a">Evolución de las curvas CCT en aceros al boro. Efecto del tamaño de grano y la deformación previa aplicada</subfield>
   </datafield>
</record></metadata></record></GetRecord></OAI-PMH>